Представление документа в формате RUSMARC

ПолеНазваниеЗначение
  Тип записи a
  Библиографический уровень m
001 Контрольный номер 0d0a97ea705c4713ba4fdba9d97d05b4
005 Дата корректировки 20140605145232.0
010 Индекс ISBN __
a ISBN 5-98119-002-7
200 Заглавие и сведения об ответственности 1_
a Заглавие 20 положений по бухгалтерскому учету
e Сведения, относящиеся к заглавию Сб.док.
210 Выходные данные 1_
a Место издания М.
c Издательство Омега-Л
d Дата издания 2003
215 Физическое описание __
a Объем 266 с.
610 Ключевые слова 0_
a Ключевые слова бухгалтерский учет
610 Ключевые слова 0_
a Ключевые слова бухгалтерского учета стандарты
610 Ключевые слова 0_
a Ключевые слова положение по бухгалтерскому учету
610 Ключевые слова 0_
a Ключевые слова нормативный акт
610 Ключевые слова 0_
a Ключевые слова ПБУ
610 Ключевые слова 0_
a Ключевые слова закон "О бухгалтерском учете"
610 Ключевые слова 0_
a Ключевые слова новые ПБУ
610 Ключевые слова 0_
a Ключевые слова сборник
610 Ключевые слова 0_
a Ключевые слова Федеральный закон
686 Индексы других классификаций __
a Классификационный индекс 65.052.9(2)2
2 Код системы rubbk
686 Индексы других классификаций __
a Классификационный индекс 67.622-32
2 Код системы rubbk
801 Источник записи _0
a Страна RU
b Организация РУК
c Дата составления 20040312
g Правила каталогизации PSBO
801 Источник записи _1
a Страна RU
b Организация РУК
c Дата составления 20040312
g Правила каталогизации PSBO
852 Данные о местонахождении __
i Авторский знак Д22
j Шифр хранения ББК 65.052
901 Тип документа __
t Тип документа m
938 Служебная информация __
a Название организации Головной вуз
b Имя БД BOOK
c Название АИБС АИБС ИРБИС